Countries Bad for Wheel of Fortune Quiz Stats

 Plays Quiz Updated Mar 19, 2012

Challenge
Share
Tweet
Embed
Score 0/6 Timer 03:00
1 Play Today
# of letters Country % Correct
4Chad
62.4%
4Cuba
58.3%
4Fiji
56.2%
7Jamaica
25%
6Zambia
22.2%
8Cambodia
19.3%

You're not logged in!

Compare scores with friends on all Sporcle quizzes.
Join for Free
OR
Log In

You Might Also Like...

Show Comments

Extras

Top Quizzes Today


Score Distribution

Your Account Isn't Verified!

In order to create a playlist on Sporcle, you need to verify the email address you used during registration. Go to your Sporcle Settings to finish the process.

Report this User

Report this user for behavior that violates our Community Guidelines.

Details: